Arazá : (Registro nro. 5896)

Detalles MARC
000 -CABECERA
Campo de control 00942nam a2200277 a 4500
005 - FECHA Y HORA DE LA ULTIMA TRANSACCION
Campo de control 20160209154838.0
008 - ELEMENTOS DE LONGITUD FIJA—INFORMACION GENERAL
Campo de control 160209s2006 ck do fr|||| 000 0 spa d
020 ## - ISBN
ISBN 9588317083
040 ## - FUENTE DE CATALOGACIÓN
Agencia catalogadora original CO-BoIAVH
Agencia transcriptora CO-BoIAVH
041 0# - IDIOMA
Código de idioma para texto/pista de sonido o título separado Español
044 ## - PAÍS DE PUBLICACIÓN
País de publicación Costa Rica
082 04 - NUMERO DE CLASIFICACION DECIMAL DEWEY
Número de clasificación 583.765
Número del ítem H55a2
100 1# - ASIENTO PRINCIPAL--NOMBRE PERSONAL
Nombre personal Hernández, María Soledad
9 (RLIN) 1816
245 10 - MENCION DE TITULO
Título Arazá :
Parte restante del título origen, fisiología y conservación
250 ## - MENCION DE EDICION
Mención de edición Primera edición
260 ## - PUBLICACION, DISTRIBUCION, ETC. (PIE DE IMPRENTA)
Lugar de publicación, distribución, etc. Bogotá :
Nombre del editor, distribuidor, etc. Instituto Amazónico de Investigaciones Científicas SINCHI,
Fecha de publicación, distribución, etc. 2006.
300 ## - DESCRIPCION FISICA
Extensión 144 páginas :
Otros detalles físicos Gráficas, fotografías ;
Dimensiones 24 x 17 cm.
650 16 - ASIENTO SECUNDARIO DE MATERIA - TERMINO TEMATICO
Término temático o nombre geográfico como elemento de entrada Arazá
9 (RLIN) 58268
650 26 - ASIENTO SECUNDARIO DE MATERIA - TERMINO TEMATICO
Término temático o nombre geográfico como elemento de entrada Myrtaceae
9 (RLIN) 58263
650 24 - ASIENTO SECUNDARIO DE MATERIA - TERMINO TEMATICO
Término temático o nombre geográfico como elemento de entrada Arazá
Subdivisión general Taxonomía
9 (RLIN) 58269
700 1# - ASIENTO SECUNDARIO - NOMBRE PERSONAL
Nombre personal Barrera , Jaime Alberto
9 (RLIN) 1817
700 1# - ASIENTO SECUNDARIO - NOMBRE PERSONAL
Nombre personal Carrillo, Marcela Piedad
9 (RLIN) 58265
700 1# - ASIENTO SECUNDARIO - NOMBRE PERSONAL
Nombre personal Fernández Trujillo, Juan Pablo
9 (RLIN) 1819
710 2# - ASIENTO SECUNDARIO - NOMBRE CORPORATIVO
Nombre corporativo o de jurisdicción como elemento de entrada Instituto Amazónico de Investigaciones Científicas SINCHI
9 (RLIN) 480
942 ## - ELEMENTOS ADICIONALES (KOHA)
Tipo de ítem Libro
Sistema de clasificación Dewey Decimal Classification
Existencias
Withdrawn status Lost status Sistema de Clasificación Damaged status No para préstamo Colección Inventariado Ubicación Permanente Ubicación actual Fecha de adquisición Fuente de Valor Valor Total Checkouts Número topográfico Inventario / Código de Barras Date last seen Ejemplar Price effective from Forma de adquisición Tipo de material
    Dewey Decimal Classification     General Inventariado 2017 Bogotá Bogotá 24/10/2007 Instituto 15000.00   LB-583.765 H55a2 025378 04/12/2012 Ej.1 04/12/2012   Libro